A Multisensory System Based on Optical Fibres and Primary Signal Processing

Bibliographic Details
Main Authors: Kodyš, Peter (Author), Kodyš, Zdenko (Author), Pokorník, Petr (Author)
Format: Article
Language:English
Slovak
PhysicalDescription:Obr. 3. Res. angl., lit. 7 zázn. v slov., angl.
Subjects:

MARC

LEADER 00000nab a2200000 a 4500
001 vtls000448949
003 SK-MaSNL
005 20260319075337.0
008 160204c1991 xo 0 eng
015 |a SNBRA19rr/mm-uuuuu 
035 |a CL0449080 
040 |a SNKBUCL  |b slo  |c SNKBUCL  |e AACR2 
041 0 |a slo 
044 |a xo  |c SK 
080 |a 681.586.5:621.39  |2 1981 
080 |a 621.39  |2 1981 
080 |a 681.7.068  |2 1981 
100 1 |a Kodyš, Peter  |4 aut  |9 972542 
245 1 0 |a A Multisensory System Based on Optical Fibres and Primary Signal Processing  |c Peter Kodyš, Zdenko Kodyš, Petr Pokorník 
300 |b Obr. 3. Res. angl., lit. 7 zázn. v slov., angl. 
650 0 7 |a systémy multisenzorové  |2 snkbucl  |9 972543 
650 0 7 |a optické vlákna  |2 snkbucl  |9 69240 
650 0 7 |a signály primárne  |2 snkbucl  |9 972544 
650 0 7 |a spracovanie signálov  |2 snkbucl  |9 3973 
655 7 |a články zo zborníkov  |2 snkbucl  |9 166140 
700 1 |a Kodyš, Zdenko  |4 aut  |9 972545 
700 1 |a Pokorník, Petr  |4 aut  |9 935885 
773 0 |t Riadenie diskrétnych procesov  |d Bratislava : Dom techniky ZSVTS, 1991  |g S. 149-152 
850 |a Slovenská národná knižnica v Martine  |a MTA001 
852 |a SNK  |b KIS3GCP 
958 |a NB 
958 |a RK 
992 |a RZB 
999 |c 1555152  |d 1557082